01711cam a2200301 a 450000100090000000300040000900500170001300800410003001000170007102000180008803500240010603500390013004000490016905000160021808200150023410000250024924500830027425000120035726000460036930000340041550400660044950506830051565000320119870000270123094200120125799900160126995201240128515299579OSt20230629104738.0080521s2009 nyua b 001 0 eng  a 2008022177 a9780190641610 a(OCoLC)ocn228676753 a(OCoLC)228676753z(OCoLC)229023247 aDLCcDLCdBAKERdBTCTAdYDXCPdC#PdBWXdDLC00aHV9069.A55 00a364.362221 aAgnew, Robert,9192910aJuvenile delinquency : causes and control. /cRobert Agnew and Timothy Brezina a6th ed. aOxford :bOxford University Press,c2018. axii, 612 p. :bill. ;c26 cm. aIncludes bibliographical references (p. 490-611) and indexes. aContents: What is delinquency and how does it differ from adult crime? -- How is delinquency measured? -- How much delinquency is there, and is delinquency increasing? -- Who is most likely to engage in delinquency? -- What is a theory and how do we test theories ? -- The life course -- I delinquency more likely in certain situations? -- Group differences in delinquency -- Individual traits -- Pulling it all together -- Policies and programs -- The police -- Juvenile courts and corrections -- The juvenile justice system -- The strategies of deterrence and incapacitation -- Th e strategies of prevention and rehabilitation -- What should we do to reduce delinquency?  0aJuvenile delinquency.91930 aBrezina, Timothy91931 2lcccBK c9856d17356 00102lcc4070aWIUC-KLbWIUC-KLcLLd2023-06-05oHV9069.A55(6e)pKSL/2249/452/23r2023-06-29 00:00:00w2023-06-29yBK